Cumber (VO) v Associated Family Bakeries (South West) Ltd (Record no. 21432)
[ view plain ]
| 000 -LEADER | |
|---|---|
| fixed length control field | 01515cab a2200241 4500 |
| 001 - CONTROL NUMBER | |
| control field | ABS25678 |
| 008 - FIXED-LENGTH DATA ELEMENTS--GENERAL INFORMATION | |
| fixed length control field | 090401t1979 xxu||||| |||| 00| 0 eng d |
| 035 ## - SYSTEM CONTROL NUMBER | |
| System control number | (Sirsi) u31939 |
| 041 ## - LANGUAGE CODE | |
| Language code of text/sound track or separate title | eng |
| 245 ## - TITLE STATEMENT | |
| Title | Cumber (VO) v Associated Family Bakeries (South West) Ltd |
| 260 ## - PUBLICATION, DISTRIBUTION, ETC. | |
| Date of publication, distribution, etc. | 1979 |
| 350 ## - PRICE (NR) (BK AM CF MU VM SE) [OBSOLETE] | |
| Price | 0 |
| 490 ## - SERIES STATEMENT | |
| Series statement | Estates Gazette |
| Volume/sequential designation | 252 (5964) EG 6 October 1979, 69-70(2) |
| 520 ## - SUMMARY, ETC. | |
| Summary, etc. | LT 15 June 1979. An appeal from a decision reducing the assessment on a bakery in Avonmouth from £19,300 rv to £17,300. The premises included certain disputed items of `plant` namely a 12-sack oven with associated prover and with a separate 18-sack oven. A claimed these were excluded from rateability under GRA 1967 s21 and the Plant and Machinery (Rating) Order 1960 as amended by the Plant and Machinery (Rating) Amendment Order 1974. The dispute turned upon the construction of Class 4 para (e) of the exceptions to the Order; whether the items were readily moveable from one site to another without substantial demolition of the item. Held, re-erection on another site would require substantial demolition of the items; that they were not to be considered as plant deemed to be part of the hereditament but were to be excluded under the terms of the Order. VO`s appeal dismissed. |
| 650 ## - SUBJECT ADDED ENTRY--TOPICAL TERM | |
| Topical term or geographic name entry element | ASSESSMENTS |
| 650 ## - SUBJECT ADDED ENTRY--TOPICAL TERM | |
| Topical term or geographic name entry element | GENERAL RATE ACT 1967 S21 |
| 650 ## - SUBJECT ADDED ENTRY--TOPICAL TERM | |
| Topical term or geographic name entry element | PLANT AND MACHINERY |
| 650 ## - SUBJECT ADDED ENTRY--TOPICAL TERM | |
| Topical term or geographic name entry element | RATEABILITY |
| 650 ## - SUBJECT ADDED ENTRY--TOPICAL TERM | |
| Topical term or geographic name entry element | RATING APPEALS |
| 690 ## - LOCAL SUBJECT ADDED ENTRY--TOPICAL TERM (OCLC, RLIN) | |
| Topical term or geographic name as entry element | RATING AND VALUATION |
| 942 ## - ADDED ENTRY ELEMENTS (KOHA) | |
| Suppress in OPAC | 0 |
| 948 ## - LOCAL PROCESSING INFORMATION (OCLC); SERIES PART DESIGNATOR (RLIN) | |
| c (OCLC) | 04/03/1997 |
| Withdrawn status | Lost status | Source of classification or shelving scheme | Damaged status | Not for loan | Home library | Current library | Shelving location | Date acquired | Total Checkouts | Full call number | Barcode | Date last seen | Copy number | Price effective from | Koha item type |
|---|---|---|---|---|---|---|---|---|---|---|---|---|---|---|---|
| Dewey Decimal Classification | London | London | Journal article | 14/09/1999 | ABS25678 | 31939-1001 | 06/08/2019 | 1 | 06/08/2019 | Law report |